| 000 | 00708nam a22001697a 4500 | ||
|---|---|---|---|
| 008 | 101107t xxu||||| |||| 00| 0 eng d | ||
| 020 | _a9783981253214 | ||
| 082 |
_a302.201 _bVIE |
||
| 100 |
_921018 _aVielberth, J. _q(Johann) |
||
| 245 |
_aThe KOD system : _bCurrent Stage of Development / _cJ Vielberth |
||
| 260 |
_aRegensburg, Germany : _bInstitute for Development and Research Dr. Vielberth regd. Co., 2008 _c2008 |
||
| 300 |
_a124 p. : _bill. ; _c22 cm. |
||
| 504 | _aIncludes bibliographical references. | ||
| 650 |
_911260 _aTelecommunication. |
||
| 942 |
_2ddc _cBB |
||
| 999 |
_c14820 _d14820 |
||